[Event "Russian Rapid Championship (m)"]
[Site "Sochi"]
[Date "2022.10.16"]
[Round "11.13"]
[White "Bryakin, Mikhail"]
[Black "Bocharov, Dmitry"]
[Result "1/2-1/2"]
[BlackElo "2562"]
[WhiteElo "2369"]
[LiveChessVersion "1.4.8"]

1. d4 {[%clk 0:15:18]} Nf6 {[%clk 0:15:18]} 2. c4 {[%clk 0:15:17]} e6
{[%clk 0:15:26]} 3. Nf3 {[%clk 0:15:25]} b6 {[%clk 0:15:18]} 4. g3
{[%clk 0:15:33]} Ba6 {[%clk 0:15:27]} 5. Qa4 {[%clk 0:15:41]} Bb7
{[%clk 0:15:35]} 6. Bg2 {[%clk 0:15:49]} c5 {[%clk 0:15:44]} 7. dxc5
{[%clk 0:15:55]} bxc5 {[%clk 0:15:50]} 8. O-O {[%clk 0:15:59]} Be7
{[%clk 0:15:53]} 9. Nc3 {[%clk 0:15:59]} O-O {[%clk 0:15:57]} 10. Rd1
{[%clk 0:16:07]} Qb6 {[%clk 0:15:01]} 11. Qb5 {[%clk 0:16:14]} d6
{[%clk 0:12:53]} 12. Bf4 {[%clk 0:15:36]} Rd8 {[%clk 0:12:25]} 13. a4
{[%clk 0:13:35]} Na6 {[%clk 0:10:07]} 14. Qxb6 {[%clk 0:13:15]} axb6
{[%clk 0:10:14]} 15. Nb5 {[%clk 0:13:24]} Ne8 {[%clk 0:09:46]} 16. Ne1
{[%clk 0:13:23]} Bxg2 {[%clk 0:09:44]} 17. Kxg2 {[%clk 0:13:30]} Nb4
{[%clk 0:09:40]} 18. b3 {[%clk 0:13:26]} Nc6 {[%clk 0:08:33]} 19. e4
{[%clk 0:13:10]} f6 {[%clk 0:05:43]} 20. Be3 {[%clk 0:13:01]} Kf7
{[%clk 0:05:38]} 21. f4 {[%clk 0:13:10]} g6 {[%clk 0:05:43]} 22. Nf3
{[%clk 0:12:45]} f5 {[%clk 0:05:11]} 23. e5 {[%clk 0:12:17]} d5 {[%clk 0:04:43]}
24. Nd2 {[%clk 0:10:57]} Na5 {[%clk 0:04:30]} 25. Rac1 {[%clk 0:09:46]} dxc4
{[%clk 0:03:49]} 26. bxc4 {[%clk 0:09:31]} Nc6 {[%clk 0:03:48]} 27. Nc3
{[%clk 0:09:19]} Rd3 {[%clk 0:03:21]} 28. Kf2 {[%clk 0:09:28]} Rad8
{[%clk 0:03:23]} 29. Ke2 {[%clk 0:09:23]} R3d7 {[%clk 0:03:20]} 30. Nb3
{[%clk 0:09:20]} Nd4+ {[%clk 0:03:10]} 31. Bxd4 {[%clk 0:09:15]} cxd4
{[%clk 0:03:19]} 32. Nb5 {[%clk 0:09:20]} d3+ {[%clk 0:03:21]} 33. Ke3
{[%clk 0:09:27]} Bb4 {[%clk 0:03:25]} 34. Nd2 {[%clk 0:09:00]} Nc7
{[%clk 0:02:54]} 35. Nd6+ {[%clk 0:08:03]} Bxd6 {[%clk 0:02:34]} 36. exd6
{[%clk 0:08:11]} Rxd6 {[%clk 0:02:42]} 37. Nf3 {[%clk 0:08:20]} Ra8
{[%clk 0:02:17]} 38. Ne5+ {[%clk 0:08:15]} Ke7 {[%clk 0:02:25]} 39. Ra1
{[%clk 0:08:11]} Na6 {[%clk 0:02:02]} 40. Nxd3 {[%clk 0:07:02]} Rad8
{[%clk 0:01:32]} 41. Nb2 {[%clk 0:06:08]} Nc5 {[%clk 0:01:27]} 42. Rxd6
{[%clk 0:06:03]} Rxd6 {[%clk 0:01:35]} 43. Ra3 {[%clk 0:06:03]} Nb7
{[%clk 0:01:44]} 44. Nd3 {[%clk 0:05:40]} Na5 {[%clk 0:01:34]} 45. Rc3
{[%clk 0:05:38]} Nb7 {[%clk 0:00:54]} 46. Ne5 {[%clk 0:04:10]} Nc5
{[%clk 0:00:45]} 47. Ra3 {[%clk 0:04:19]} Nb7 {[%clk 0:00:44]} 48. Rb3
{[%clk 0:03:51]} Nc5 {[%clk 0:00:51]} 49. Ra3 {[%clk 0:03:52]} Nb7
{[%clk 0:00:44]} 50. Rd3 {[%clk 0:03:15]} Nc5 {[%clk 0:00:40]} 51. Ra3
{[%clk 0:03:11]} Nb7 {[%clk 0:00:48]} 52. Rb3 {[%clk 0:02:54]} Nc5
{[%clk 0:00:55]} 53. Ra3 {[%clk 0:03:02]} 1/2-1/2

[Event "Russian Rapid Championship (m)"]
[Site "Sochi"]
[Date "2022.10.16"]
[Round "11.14"]
[White "Rozum, Ivan"]
[Black "Elizarov, Dmitry"]
[Result "1-0"]
[BlackElo "2368"]
[WhiteElo "2540"]
[LiveChessVersion "1.4.8"]

1. c4 {[%clk 0:15:18]} c6 {[%clk 0:15:08]} 2. Nf3 {[%clk 0:15:21]} d5
{[%clk 0:15:16]} 3. e3 {[%clk 0:15:19]} Nf6 {[%clk 0:15:24]} 4. Nc3
{[%clk 0:15:27]} e6 {[%clk 0:15:21]} 5. b3 {[%clk 0:15:30]} Nbd7 {[%clk 0:15:28]}
6. d4 {[%clk 0:15:31]} Bb4 {[%clk 0:15:19]} 7. Bd2 {[%clk 0:15:39]} O-O
{[%clk 0:14:25]} 8. Bd3 {[%clk 0:15:45]} c5 {[%clk 0:13:25]} 9. cxd5
{[%clk 0:14:28]} cxd4 {[%clk 0:13:00]} 10. Nxd4 {[%clk 0:14:08]} Nc5
{[%clk 0:11:22]} 11. Bc4 {[%clk 0:12:13]} Bxc3 {[%clk 0:09:19]} 12. Bxc3
{[%clk 0:12:20]} Nxd5 {[%clk 0:09:28]} 13. Bb2 {[%clk 0:11:53]} Qa5+
{[%clk 0:09:25]} 14. Qd2 {[%clk 0:11:57]} Qxd2+ {[%clk 0:09:30]} 15. Kxd2
{[%clk 0:12:06]} Nb6 {[%clk 0:09:25]} 16. Be2 {[%clk 0:12:03]} Rd8
{[%clk 0:09:18]} 17. Rhc1 {[%clk 0:11:55]} Ne4+ {[%clk 0:09:01]} 18. Ke1
{[%clk 0:12:04]} e5 {[%clk 0:09:07]} 19. Nb5 {[%clk 0:11:06]} f6 {[%clk 0:09:14]}
20. a4 {[%clk 0:08:59]} a5 {[%clk 0:08:11]} 21. Ba3 {[%clk 0:08:32]} Nd5
{[%clk 0:06:31]} 22. Bf3 {[%clk 0:07:15]} Bf5 {[%clk 0:05:34]} 23. Rc4
{[%clk 0:06:58]} Nb6 {[%clk 0:03:44]} 24. Rxe4 {[%clk 0:06:43]} Bxe4
{[%clk 0:03:51]} 25. Bxe4 {[%clk 0:06:52]} Rac8 {[%clk 0:04:00]} 26. Bxb7
{[%clk 0:05:45]} Rb8 {[%clk 0:04:06]} 27. Be4 {[%clk 0:05:42]} Nd5 28. Rd1
{[%clk 0:05:22]} 1-0

[Event "Russian Rapid Championship (m)"]
[Site "Sochi"]
[Date "2022.10.16"]
[Round "11.15"]
[White "Raetsky, Alexander"]
[Black "Demidov, Mikhail"]
[Result "0-1"]
[BlackElo "2488"]
[WhiteElo "2322"]
[LiveChessVersion "1.4.8"]

1. d4 {[%clk 0:15:18]} g6 {[%clk 0:15:17]} 2. c4 {[%clk 0:15:23]} Bg7
{[%clk 0:15:26]} 3. Nc3 {[%clk 0:15:32]} d6 {[%clk 0:15:34]} 4. e4
{[%clk 0:15:38]} e5 {[%clk 0:15:42]} 5. dxe5 {[%clk 0:14:28]} dxe5
{[%clk 0:15:51]} 6. Qxd8+ {[%clk 0:14:36]} Kxd8 {[%clk 0:15:59]} 7. f4
{[%clk 0:14:44]} exf4 {[%clk 0:12:36]} 8. Bxf4 {[%clk 0:13:59]} Bxc3+
{[%clk 0:12:44]} 9. bxc3 {[%clk 0:14:08]} Be6 {[%clk 0:12:51]} 10. O-O-O+
{[%clk 0:13:48]} Kc8 {[%clk 0:12:49]} 11. Nf3 {[%clk 0:13:22]} Nd7
{[%clk 0:12:22]} 12. Ng5 {[%clk 0:12:17]} Ngf6 {[%clk 0:11:21]} 13. Be2
{[%clk 0:12:07]} a5 {[%clk 0:07:18]} 14. e5 {[%clk 0:07:12]} Ne8 {[%clk 0:05:09]}
15. Rhf1 {[%clk 0:06:48]} Ng7 {[%clk 0:03:40]} 16. g4 {[%clk 0:04:47]} h5
{[%clk 0:02:23]} 17. h3 {[%clk 0:02:56]} a4 {[%clk 0:01:00]} 18. Bg3
{[%clk 0:02:40]} hxg4 {[%clk 0:00:32]} 19. hxg4 {[%clk 0:02:46]} Rf8
{[%clk 0:00:20]} 20. Rh1 {[%clk 0:02:27]} Ra5 {[%clk 0:00:15]} 21. Rh7
{[%clk 0:02:34]} Rg8 {[%clk 0:00:25]} 22. Rdh1 {[%clk 0:01:12]} Nxe5
{[%clk 0:00:22]} 23. Rh8 {[%clk 0:01:20]} Rxh8 {[%clk 0:00:27]} 24. Rxh8+
{[%clk 0:01:28]} Kd7 {[%clk 0:00:36]} 25. Rh7 {[%clk 0:01:19]} Ne8
{[%clk 0:00:37]} 26. Ne4 {[%clk 0:01:11]} Nxc4 {[%clk 0:00:24]} 27. g5
{[%clk 0:01:06]} Ncd6 {[%clk 0:00:23]} 28. Nf6+ {[%clk 0:00:35]} Nxf6
{[%clk 0:00:26]} 29. gxf6 {[%clk 0:00:44]} Ne4 {[%clk 0:00:29]} 30. Be1
{[%clk 0:00:27]} Nxf6 {[%clk 0:00:36]} 31. Rh4 {[%clk 0:00:36]} Re5
{[%clk 0:00:22]} 32. Kd1 {[%clk 0:00:26]} Bxa2 {[%clk 0:00:22]} 33. Bb5+
{[%clk 0:00:34]} Rxb5 {[%clk 0:00:29]} 0-1

[Event "Russian Rapid Championship (m)"]
[Site "Sochi"]
[Date "2022.10.16"]
[Round "11.16"]
[White "Saidov, Bilukhadzh"]
[Black "Faizrakhmanov, Ramil"]
[Result "1/2-1/2"]
[BlackElo "2475"]
[WhiteElo "2323"]
[LiveChessVersion "1.4.8"]

1. d4 {[%clk 0:15:18]} Nf6 {[%clk 0:15:19]} 2. Bg5 {[%clk 0:15:16]} e6
{[%clk 0:15:25]} 3. e3 {[%clk 0:15:24]} c5 {[%clk 0:15:27]} 4. c3
{[%clk 0:15:26]} h6 {[%clk 0:15:32]} 5. Bh4 {[%clk 0:15:29]} b6 {[%clk 0:15:36]}
6. Nd2 {[%clk 0:15:33]} Bb7 {[%clk 0:15:44]} 7. Ngf3 {[%clk 0:15:34]} Be7
{[%clk 0:15:48]} 8. Bd3 {[%clk 0:15:40]} cxd4 {[%clk 0:15:48]} 9. exd4
{[%clk 0:15:43]} O-O {[%clk 0:15:50]} 10. O-O {[%clk 0:15:49]} d6
{[%clk 0:15:56]} 11. Qe2 {[%clk 0:15:56]} Nbd7 {[%clk 0:15:59]} 12. Rfe1
{[%clk 0:15:02]} a6 {[%clk 0:15:57]} 13. a4 {[%clk 0:14:58]} Re8 {[%clk 0:15:32]}
14. Nc4 {[%clk 0:14:25]} Qc7 {[%clk 0:15:12]} 15. Ne3 {[%clk 0:14:16]} Bf8
{[%clk 0:15:14]} 16. Nc2 {[%clk 0:12:43]} e5 {[%clk 0:14:20]} 17. dxe5
{[%clk 0:12:38]} dxe5 {[%clk 0:14:17]} 18. Bg3 {[%clk 0:10:03]} Nh5
{[%clk 0:13:55]} 19. Be4 {[%clk 0:09:06]} Nxg3 {[%clk 0:13:54]} 20. hxg3
{[%clk 0:09:14]} Bxe4 {[%clk 0:13:44]} 21. Qxe4 {[%clk 0:09:22]} Nf6
{[%clk 0:12:38]} 22. Qe2 {[%clk 0:08:15]} e4 {[%clk 0:12:31]} 23. Nfd4
{[%clk 0:08:14]} Bc5 {[%clk 0:12:29]} 24. Rad1 {[%clk 0:07:57]} a5
{[%clk 0:10:57]} 25. Ne3 {[%clk 0:06:54]} Rad8 {[%clk 0:10:01]} 26. Qc4
{[%clk 0:07:01]} Qe5 {[%clk 0:09:14]} 27. Nc6 {[%clk 0:06:35]} Rxd1
{[%clk 0:09:21]} 28. Rxd1 {[%clk 0:06:43]} Qh5 {[%clk 0:09:08]} 29. Nd4
{[%clk 0:06:38]} Ng4 {[%clk 0:08:40]} 30. Nxg4 {[%clk 0:06:44]} Qxg4
{[%clk 0:08:48]} 31. Qe2 {[%clk 0:06:42]} Qg5 {[%clk 0:07:51]} 32. Qe3
{[%clk 0:04:09]} Qxe3 {[%clk 0:07:05]} 33. fxe3 {[%clk 0:04:17]} Rd8
{[%clk 0:07:09]} 34. Kf2 {[%clk 0:03:26]} g6 {[%clk 0:06:56]} 35. g4
{[%clk 0:03:26]} Rd6 {[%clk 0:06:16]} 36. Ke2 {[%clk 0:03:05]} Kg7
{[%clk 0:05:59]} 37. Rf1 {[%clk 0:03:01]} Rd8 {[%clk 0:05:43]} 38. Rf4
{[%clk 0:02:46]} Re8 {[%clk 0:05:38]} 39. Nb5 {[%clk 0:02:53]} Re5
{[%clk 0:04:28]} 40. Kd2 {[%clk 0:01:55]} Rg5 {[%clk 0:03:31]} 41. Rxe4
{[%clk 0:00:25]} f5 {[%clk 0:03:37]} 42. gxf5 {[%clk 0:00:32]} Rxg2+
{[%clk 0:03:46]} 43. Kd3 {[%clk 0:00:39]} gxf5 {[%clk 0:03:44]} 44. Rf4
{[%clk 0:00:47]} Rxb2 {[%clk 0:03:11]} 45. Rxf5 {[%clk 0:00:53]} Kg6
{[%clk 0:03:07]} 46. Rf1 {[%clk 0:00:23]} Rg2 {[%clk 0:02:17]} 47. Nd4
{[%clk 0:00:17]} h5 {[%clk 0:01:30]} 48. Ne6 {[%clk 0:00:25]} Bd6
{[%clk 0:01:23]} 49. Ke4 {[%clk 0:00:20]} h4 {[%clk 0:01:20]} 50. Rd1
{[%clk 0:00:25]} Bg3 {[%clk 0:01:07]} 51. Kf3 {[%clk 0:00:15]} Ra2
{[%clk 0:01:10]} 52. Rb1 {[%clk 0:00:17]} Kf5 {[%clk 0:00:28]} 53. Nd4+
{[%clk 0:00:25]} Ke5 {[%clk 0:00:26]} 54. Rb5+ {[%clk 0:00:33]} Kd6
{[%clk 0:00:34]} 55. Rxb6+ {[%clk 0:00:39]} Kd5 {[%clk 0:00:18]} 56. Rb5+
{[%clk 0:00:24]} Kc4 {[%clk 0:00:26]} 57. Rxa5 {[%clk 0:00:30]} Rf2+
{[%clk 0:00:16]} 58. Kg4 {[%clk 0:00:34]} Kxc3 {[%clk 0:00:17]} 59. Nf5
{[%clk 0:00:40]} Re2 {[%clk 0:00:12]} 60. Kf3 {[%clk 0:00:30]} Rf2+
{[%clk 0:00:21]} 61. Ke4 {[%clk 0:00:37]} Kb4 {[%clk 0:00:20]} 62. Ra8
{[%clk 0:00:44]} Bc7 {[%clk 0:00:11]} 63. Nxh4 {[%clk 0:00:21]} Ra2
{[%clk 0:00:20]} 64. Rc8 {[%clk 0:00:24]} Bb6 {[%clk 0:00:22]} 65. Rb8
{[%clk 0:00:30]} Rxa4 {[%clk 0:00:27]} 66. Nf5 {[%clk 0:00:31]} Kc5+
{[%clk 0:00:23]} 67. Nd4 {[%clk 0:00:35]} Rb4 {[%clk 0:00:19]} 68. Rc8+
{[%clk 0:00:16]} Kd6 {[%clk 0:00:26]} 69. Rc6+ {[%clk 0:00:19]} Kd7
{[%clk 0:00:35]} 70. Rh6 {[%clk 0:00:22]} Bxd4 {[%clk 0:00:42]} 71. exd4
{[%clk 0:00:31]} Rb5 {[%clk 0:00:51]} 1/2-1/2

[Event "Russian Rapid Championship (m)"]
[Site "Sochi"]
[Date "2022.10.16"]
[Round "11.17"]
[White "Triapishko, Alexandr"]
[Black "Balashov, Yuri S"]
[Result "1/2-1/2"]
[BlackElo "2298"]
[WhiteElo "2471"]
[LiveChessVersion "1.4.8"]

1. Nf3 {[%clk 0:14:25]} c5 {[%clk 0:15:14]} 2. c4 {[%clk 0:13:21]} Nf6
{[%clk 0:15:17]} 3. g3 {[%clk 0:12:13]} e6 {[%clk 0:15:17]} 4. Bg2
{[%clk 0:11:36]} Nc6 {[%clk 0:15:22]} 5. O-O {[%clk 0:11:04]} Be7
{[%clk 0:15:25]} 6. b3 {[%clk 0:10:14]} O-O {[%clk 0:15:28]} 7. Bb2
{[%clk 0:10:17]} d5 {[%clk 0:15:34]} 8. cxd5 {[%clk 0:10:13]} Nxd5
{[%clk 0:15:39]} 9. Nc3 {[%clk 0:08:49]} Bf6 {[%clk 0:14:34]} 10. Rb1
{[%clk 0:05:34]} b6 {[%clk 0:13:59]} 11. Nxd5 {[%clk 0:01:58]} exd5
{[%clk 0:14:06]} 12. d4 {[%clk 0:02:02]} Bf5 {[%clk 0:13:32]} 13. Rc1
{[%clk 0:02:09]} Be4 {[%clk 0:12:16]} 14. e3 {[%clk 0:02:16]} Nb4
{[%clk 0:11:36]} 15. Ra1 {[%clk 0:01:27]} Rc8 {[%clk 0:09:12]} 16. Qd2
{[%clk 0:01:09]} Re8 {[%clk 0:08:57]} 17. Rfd1 {[%clk 0:00:28]} Nd3
{[%clk 0:06:59]} 18. Bc3 {[%clk 0:00:28]} c4 {[%clk 0:06:22]} 19. Ne1
{[%clk 0:00:29]} Bxg2 {[%clk 0:06:19]} 20. Kxg2 {[%clk 0:00:35]} Nxe1+
{[%clk 0:06:11]} 21. Rxe1 {[%clk 0:00:43]} Qd7 {[%clk 0:05:27]} 22. b4
{[%clk 0:00:39]} h5 {[%clk 0:05:13]} 23. f3 {[%clk 0:00:27]} Qf5 {[%clk 0:05:04]}
24. Qe2 {[%clk 0:00:20]} Re6 {[%clk 0:03:36]} 25. e4 {[%clk 0:00:24]} Rce8
{[%clk 0:03:33]} 26. e5 {[%clk 0:00:27]} Bg5 {[%clk 0:03:33]} 27. f4
{[%clk 0:00:24]} Bd8 {[%clk 0:03:39]} 28. Qf3 {[%clk 0:00:17]} Rg6
{[%clk 0:03:35]} 29. Re2 {[%clk 0:00:16]} h4 {[%clk 0:03:28]} 30. Rg1
{[%clk 0:00:13]} hxg3 {[%clk 0:03:25]} 31. hxg3 {[%clk 0:00:22]} Rg4
{[%clk 0:03:15]} 32. Qxd5 {[%clk 0:00:15]} Qxf4 {[%clk 0:03:10]} 33. Qf3
{[%clk 0:00:16]} Qg5 {[%clk 0:03:08]} 34. Rf1 {[%clk 0:00:12]} Qg6
{[%clk 0:03:16]} 35. Bd2 {[%clk 0:00:11]} Rxd4 {[%clk 0:03:18]} 36. Bf4
{[%clk 0:00:16]} b5 {[%clk 0:03:16]} 37. Rh1 {[%clk 0:00:12]} Rd3
{[%clk 0:03:17]} 38. Qh5 {[%clk 0:00:14]} Qxh5 {[%clk 0:03:24]} 39. Rxh5
{[%clk 0:00:23]} g6 {[%clk 0:03:28]} 40. Rh1 {[%clk 0:00:21]} Be7
{[%clk 0:03:28]} 41. e6 {[%clk 0:00:23]} f6 {[%clk 0:03:08]} 42. g4
{[%clk 0:00:19]} g5 {[%clk 0:03:00]} 43. Be3 {[%clk 0:00:11]} a6 {[%clk 0:02:37]}
44. Bc5 {[%clk 0:00:13]} c3 {[%clk 0:02:28]} 45. Bxe7 {[%clk 0:00:12]} Rxe7
{[%clk 0:02:37]} 46. a3 {[%clk 0:00:14]} Rd6 {[%clk 0:02:33]} 47. Rc1
{[%clk 0:00:14]} Rc6 {[%clk 0:02:42]} 48. Re3 {[%clk 0:00:18]} c2
{[%clk 0:02:39]} 49. Re2 {[%clk 0:00:26]} Rexe6 {[%clk 0:02:42]} 50. Rexc2
{[%clk 0:00:18]} Rxc2+ {[%clk 0:02:51]} 51. Rxc2 {[%clk 0:00:27]} Re3
{[%clk 0:03:00]} 52. Rc6 {[%clk 0:00:13]} Rxa3 {[%clk 0:03:08]} 53. Rxf6
{[%clk 0:00:22]} Kg7 {[%clk 0:03:16]} 54. Rb6 {[%clk 0:00:22]} Kf7
{[%clk 0:03:18]} 55. Kf2 {[%clk 0:00:27]} Ra4 {[%clk 0:03:09]} 56. Kg3
{[%clk 0:00:25]} Rxb4 {[%clk 0:02:53]} 57. Rxa6 {[%clk 0:00:34]} Rb1
{[%clk 0:03:02]} 58. Kg2 {[%clk 0:00:13]} b4 {[%clk 0:03:07]} 59. Ra5
{[%clk 0:00:14]} Kf6 {[%clk 0:03:14]} 60. Rf5+ {[%clk 0:00:21]} Kg6
{[%clk 0:03:23]} 61. Rb5 {[%clk 0:00:14]} b3 {[%clk 0:03:32]} 62. Kf3
{[%clk 0:00:17]} b2 {[%clk 0:03:31]} 63. Kg2 {[%clk 0:00:19]} Kf6
{[%clk 0:03:40]} 64. Rb6+ {[%clk 0:00:14]} Ke5 {[%clk 0:03:49]} 65. Rb5+
{[%clk 0:00:21]} Kf4 {[%clk 0:03:49]} 66. Rb4+ {[%clk 0:00:28]} Ke3
{[%clk 0:03:58]} 67. Rb8 {[%clk 0:00:26]} Ke4 {[%clk 0:03:21]} 68. Rb4+
{[%clk 0:00:23]} Kd3 {[%clk 0:03:29]} 69. Rb8 {[%clk 0:00:29]} Re1
{[%clk 0:03:02]} 70. Rxb2 {[%clk 0:00:36]} Re2+ {[%clk 0:03:10]} 71. Rxe2
{[%clk 0:00:44]} Kxe2 {[%clk 0:03:19]} 72. Kg3 {[%clk 0:00:51]} Ke3
{[%clk 0:03:28]} 73. Kg2 {[%clk 0:00:57]} Kf4 {[%clk 0:03:37]} 74. Kf2
{[%clk 0:01:00]} Ke5 1/2-1/2

[Event "Russian Rapid Championship (m)"]
[Site "Sochi"]
[Date "2022.10.16"]
[Round "11.18"]
[White "Grebnev, Aleksey"]
[Black "Lesovoi, Evgenij"]
[Result "1-0"]
[BlackElo "2322"]
[WhiteElo "2469"]
[LiveChessVersion "1.4.8"]

1. c4 {[%clk 0:15:18]} Nf6 {[%clk 0:15:17]} 2. Nc3 {[%clk 0:15:26]} e6
{[%clk 0:15:24]} 3. Nf3 {[%clk 0:15:32]} c5 {[%clk 0:15:30]} 4. g3
{[%clk 0:15:37]} Nc6 {[%clk 0:15:01]} 5. Bg2 {[%clk 0:15:45]} d5 {[%clk 0:15:00]}
6. cxd5 {[%clk 0:15:51]} Nxd5 {[%clk 0:15:07]} 7. O-O {[%clk 0:15:53]} Nxc3
{[%clk 0:14:58]} 8. bxc3 {[%clk 0:15:43]} Be7 {[%clk 0:14:57]} 9. d4
{[%clk 0:15:37]} O-O {[%clk 0:14:49]} 10. Rb1 {[%clk 0:15:19]} Qc7
{[%clk 0:13:31]} 11. Bf4 {[%clk 0:14:50]} Bd6 {[%clk 0:13:35]} 12. Bxd6
{[%clk 0:14:54]} Qxd6 {[%clk 0:13:43]} 13. e3 {[%clk 0:15:00]} Rb8
{[%clk 0:12:53]} 14. Nd2 {[%clk 0:14:52]} cxd4 {[%clk 0:12:51]} 15. cxd4
{[%clk 0:14:56]} Na5 {[%clk 0:12:05]} 16. Ne4 {[%clk 0:14:10]} Qe7
{[%clk 0:12:11]} 17. d5 {[%clk 0:10:12]} exd5 {[%clk 0:12:02]} 18. Nc3
{[%clk 0:10:17]} Be6 {[%clk 0:11:35]} 19. Nxd5 {[%clk 0:10:23]} Qa3
{[%clk 0:11:20]} 20. Qh5 {[%clk 0:10:02]} Rfd8 {[%clk 0:10:41]} 21. Rfd1
{[%clk 0:09:40]} b6 {[%clk 0:10:30]} 22. Be4 {[%clk 0:07:01]} h6 {[%clk 0:10:37]}
23. g4 {[%clk 0:06:31]} Qa4 {[%clk 0:08:04]} 24. Rd4 {[%clk 0:06:14]} Qxa2
{[%clk 0:08:11]} 25. Rbd1 {[%clk 0:06:02]} Qe2 {[%clk 0:07:15]} 26. Nf6+
{[%clk 0:02:07]} gxf6 {[%clk 0:06:31]} 27. Rxd8+ {[%clk 0:02:15]} Rxd8
{[%clk 0:06:11]} 28. Rxd8+ {[%clk 0:02:23]} Kg7 {[%clk 0:06:17]} 29. Bd5
{[%clk 0:01:51]} Qd1+ {[%clk 0:01:51]} 30. Kg2 {[%clk 0:02:00]} Nc4
{[%clk 0:01:58]} 31. Bxe6 {[%clk 0:00:56]} Nxe3+ {[%clk 0:02:05]} 32. Kg3
{[%clk 0:00:39]} Nf1+ {[%clk 0:02:12]} 33. Kh4 {[%clk 0:00:17]} Qxd8
{[%clk 0:02:18]} 34. Qxf7+ {[%clk 0:00:23]} Kh8 {[%clk 0:02:27]} 35. Bf5
{[%clk 0:00:12]} Qg8 {[%clk 0:02:33]} 36. Qxf6+ {[%clk 0:00:19]} Qg7
{[%clk 0:02:42]} 37. Qd8+ {[%clk 0:00:21]} Qg8 {[%clk 0:02:51]} 38. Qd4+
{[%clk 0:00:21]} Qg7 {[%clk 0:02:59]} 39. Qd8+ {[%clk 0:00:27]} Qg8
{[%clk 0:03:09]} 40. Qe7 {[%clk 0:00:15]} Qg7 {[%clk 0:02:05]} 41. Qe8+
{[%clk 0:00:19]} Qg8 {[%clk 0:02:13]} 42. Qe5+ {[%clk 0:00:28]} Qg7
{[%clk 0:02:20]} 43. Qb8+ {[%clk 0:00:23]} Qg8 {[%clk 0:02:29]} 44. Qxa7
{[%clk 0:00:19]} Nxh2 {[%clk 0:02:01]} 45. Qxb6 {[%clk 0:00:20]} Qg5+
{[%clk 0:01:15]} 46. Kg3 {[%clk 0:00:19]} Nf1+ {[%clk 0:00:56]} 47. Kg2
{[%clk 0:00:19]} Nd2 {[%clk 0:01:02]} 48. Qd4+ {[%clk 0:00:25]} Kg8
{[%clk 0:01:10]} 49. f4 {[%clk 0:00:21]} 1-0

[Event "Russian Rapid Championship (m)"]
[Site "Sochi"]
[Date "2022.10.16"]
[Round "11.19"]
[White "Bimiev, Ahmad"]
[Black "Drygalov, Andrey"]
[Result "0-1"]
[BlackElo "2456"]
[WhiteElo "2303"]
[LiveChessVersion "1.4.8"]

1. c4 {[%clk 0:15:18]} e5 {[%clk 0:15:18]} 2. g3 {[%clk 0:15:26]} Nf6
{[%clk 0:15:31]} 3. Bg2 {[%clk 0:15:32]} d5 {[%clk 0:15:31]} 4. cxd5
{[%clk 0:15:41]} Nxd5 {[%clk 0:15:40]} 5. Nc3 {[%clk 0:15:51]} Nb6
{[%clk 0:15:48]} 6. Nf3 {[%clk 0:15:59]} Nc6 {[%clk 0:15:56]} 7. O-O
{[%clk 0:15:58]} Be7 {[%clk 0:16:05]} 8. d3 {[%clk 0:15:56]} O-O {[%clk 0:16:12]}
9. a3 {[%clk 0:16:04]} Re8 {[%clk 0:16:20]} 10. b4 {[%clk 0:16:07]} Bf8
{[%clk 0:16:28]} 11. Bb2 {[%clk 0:15:57]} Bg4 {[%clk 0:16:21]} 12. h3
{[%clk 0:14:50]} Bh5 {[%clk 0:16:29]} 13. Ne4 {[%clk 0:13:36]} a5
{[%clk 0:15:40]} 14. g4 {[%clk 0:11:08]} Bg6 {[%clk 0:15:48]} 15. Nc5
{[%clk 0:11:17]} Bxc5 {[%clk 0:09:50]} 16. bxc5 {[%clk 0:11:23]} Nd5
{[%clk 0:09:58]} 17. e3 {[%clk 0:08:01]} a4 {[%clk 0:08:56]} 18. Qc2
{[%clk 0:07:12]} h5 {[%clk 0:06:45]} 19. Rad1 {[%clk 0:06:59]} hxg4
{[%clk 0:06:18]} 20. hxg4 {[%clk 0:07:08]} Qd7 {[%clk 0:06:08]} 21. Qc4
{[%clk 0:07:15]} Na5 {[%clk 0:05:26]} 22. c6 {[%clk 0:06:50]} Nxc6
{[%clk 0:03:38]} 23. Nxe5 {[%clk 0:06:35]} Nxe5 {[%clk 0:03:41]} 24. Qxd5
{[%clk 0:06:41]} Qxd5 {[%clk 0:03:50]} 25. Bxd5 {[%clk 0:06:49]} Nxd3
{[%clk 0:03:44]} 26. Bd4 {[%clk 0:05:44]} c6 {[%clk 0:03:35]} 27. Ba2
{[%clk 0:03:08]} c5 {[%clk 0:02:57]} 28. Ba1 {[%clk 0:03:17]} b5 {[%clk 0:02:54]}
29. f4 {[%clk 0:03:26]} Be4 {[%clk 0:02:54]} 30. g5 {[%clk 0:03:23]} c4
{[%clk 0:02:53]} 31. f5 {[%clk 0:02:39]} Rad8 {[%clk 0:02:45]} 32. f6
{[%clk 0:00:28]} Rd5 {[%clk 0:02:46]} 33. Kh2 {[%clk 0:00:37]} Rxg5
{[%clk 0:02:38]} 34. Rg1 {[%clk 0:00:37]} Rh5+ {[%clk 0:02:47]} 35. Kg3
{[%clk 0:00:46]} Bg6 {[%clk 0:01:45]} 36. Bd4 {[%clk 0:00:36]} Rg5+
{[%clk 0:01:08]} 37. Kh2 {[%clk 0:00:30]} Rh5+ {[%clk 0:00:43]} 38. Kg3
{[%clk 0:00:39]} gxf6 {[%clk 0:00:49]} 39. Bb1 {[%clk 0:00:40]} Ne5
{[%clk 0:00:43]} 40. Bxg6 {[%clk 0:00:14]} fxg6 {[%clk 0:00:51]} 41. Rb1
{[%clk 0:00:23]} Nc6 {[%clk 0:00:57]} 42. Bxf6 {[%clk 0:00:27]} Rf5
{[%clk 0:00:41]} 43. Bd4 {[%clk 0:00:31]} Nxd4 44. exd4 Re3+ {[%clk 0:00:48]} 45.
Kh4 {[%clk 0:00:48]} Kg7 {[%clk 0:00:53]} 46. Rg3 {[%clk 0:00:54]} Rf4+
{[%clk 0:00:38]} 47. Kh3 {[%clk 0:01:04]} Rff3 {[%clk 0:00:41]} 48. Rxf3
{[%clk 0:01:12]} Rxf3+ {[%clk 0:00:50]} 49. Kg4 {[%clk 0:01:22]} Rb3
{[%clk 0:00:58]} 0-1

[Event "Russian Rapid Championship (m)"]
[Site "Sochi"]
[Date "2022.10.16"]
[Round "11.20"]
[White "Gutenev, Alexander"]
[Black "Vlasenko, Miroslav"]
[Result "0-1"]
[BlackElo "2312"]
[WhiteElo "2437"]
[LiveChessVersion "1.4.8"]

1. e4 {[%clk 0:15:17]} Nc6 {[%clk 0:15:19]} 2. Nf3 {[%clk 0:15:26]} e5
{[%clk 0:15:28]} 3. Bb5 {[%clk 0:15:34]} a6 {[%clk 0:15:38]} 4. Ba4
{[%clk 0:15:43]} Nge7 {[%clk 0:15:47]} 5. Bb3 {[%clk 0:14:49]} Ng6
{[%clk 0:14:59]} 6. d4 {[%clk 0:14:57]} exd4 {[%clk 0:13:20]} 7. Nxd4
{[%clk 0:15:06]} Bc5 {[%clk 0:12:20]} 8. Nf5 {[%clk 0:15:14]} O-O
{[%clk 0:12:15]} 9. Qh5 {[%clk 0:15:17]} d6 {[%clk 0:09:38]} 10. O-O
{[%clk 0:12:59]} Bxf5 {[%clk 0:07:36]} 11. exf5 {[%clk 0:13:08]} Qh4
{[%clk 0:07:35]} 12. Qg5 {[%clk 0:12:50]} Rae8 {[%clk 0:06:50]} 13. g3
{[%clk 0:12:01]} Qh3 {[%clk 0:04:41]} 14. Bd5 {[%clk 0:06:30]} h6
{[%clk 0:02:43]} 15. Qd2 {[%clk 0:01:46]} Qxf5 {[%clk 0:02:50]} 16. Nc3
{[%clk 0:01:42]} Nge5 {[%clk 0:02:34]} 17. Kg2 {[%clk 0:01:44]} Nd4
{[%clk 0:02:15]} 18. Be4 {[%clk 0:01:46]} Qh5 {[%clk 0:02:23]} 19. b4
{[%clk 0:01:14]} Ba7 {[%clk 0:01:36]} 20. h3 {[%clk 0:00:53]} c6 {[%clk 0:01:36]}
21. f4 {[%clk 0:00:38]} d5 {[%clk 0:01:34]} 22. Bd3 {[%clk 0:00:30]} Nxd3
{[%clk 0:01:27]} 23. Qxd3 {[%clk 0:00:39]} Nb5 {[%clk 0:01:23]} 24. g4
{[%clk 0:00:23]} Qg6 {[%clk 0:01:25]} 25. f5 {[%clk 0:00:30]} Qf6
{[%clk 0:01:17]} 26. Bd2 {[%clk 0:00:38]} Bd4 {[%clk 0:01:14]} 27. Nxb5
{[%clk 0:00:32]} Bxa1 {[%clk 0:01:06]} 28. Nc3 {[%clk 0:00:19]} Bxc3
{[%clk 0:01:09]} 29. Bxc3 {[%clk 0:00:28]} Qe7 {[%clk 0:01:12]} 30. f6
{[%clk 0:00:25]} Qe2+ {[%clk 0:01:11]} 31. Rf2 {[%clk 0:00:32]} Qxd3
{[%clk 0:01:18]} 32. cxd3 {[%clk 0:00:40]} g6 {[%clk 0:01:23]} 33. Bd4
{[%clk 0:00:46]} Re1 {[%clk 0:01:26]} 34. a4 {[%clk 0:00:46]} Rfe8
{[%clk 0:01:34]} 35. Kf3 {[%clk 0:00:53]} Rd1 {[%clk 0:01:42]} 0-1